Nomeie um Pokemon A-Z da 5° Geração - Unova - Statistics

Estatísticas Gerais
  • Esse quiz foi jogado 38 vezes
  • A pontuação média é 13 de 22
Estatísticas das Respostas
Letra Pokemon % Correto
S Samurott | Sandile | Sawk | Sawsbuck | Scolipede | Scrafty | Scraggy | Seismitoad | Serperior | Servine | Sewaddle | Shelmet | Sigilyph | Simipour | Simisage | Simisear | Snivy | Solosis | Stoutland | Stunfisk | Swadloon | Swanna | Swoobat
89%
T Tepig | Terrakion | Throh | Thundurus | Timburr | Tirtouga | Tornadus | Tranquill | Trubbish | Tympole | Tynamo
86%
E Eelektrike | Eelektross | Elgyem | Emboar | Emolga | Escavalier | Excadrill
82%
Z Zebstrika | Zekrom | Zoroark | Zorua | Zweilous
75%
V Vanillish | Vanillite | Vanilluxe | Venipede | Victini | Virizion | Volcarona | Vullaby
71%
A Accelgor | Alomomola | Amoonguss | Archen | Archeops | Audino | Axew
68%
H Haxorus | Heatmor | Herdier | Hydreigon
68%
P Palpitoad | Panpour | Pansage | Pansear | Patrat | Pawniard | Petilil | Pidove | Pignite | Purrloin
68%
D Darmanitan | Darumaka | Deerling | Deino | Dewott | Drilbur | Druddigon | Ducklett | Duosion | Durant | Dwebble
64%
K Karrablast | Keldeo | Klang | Klink | Klinklang | Krokorok | Krookodile | Kyurem
64%
C Carracosta | Chandelure | Cinccino | Cobalion | Cofagrigus | Conkeldurr | Cottonee | Crustle | Cryogonal | Cubcho
61%
R Reshiram | Reuniclus | Roggenrola | Rufflet
61%
L Lampent | Landorus | Larvesta | Leavanny | Liepard | Lilligant | Lillipup | Litwick
57%
O Oshawott
57%
M Mandibuzz | Maractus | Meloetta | Mienfoo | Mienshao | Minccino | Munna | Musharna
54%
B Basculin | Beartic | Beheeyem | Bisharp | Blitzle | Boldore | Bouffalant | Braviary
50%
F Ferroseed | Ferrothorn | Foongus | Fraxure | Frillish
50%
G Galvantula | Garbodor | Genesect | Gigalith | Golett | Golurk | Gothita | Gothitelle | Gothorita | Gurdurr
50%
J Jellicent | Joltik
32%
W Watchog | Whimsicott | Whirilipede | Woobat
32%
Y Yamask
32%
U Unfezant
29%
Nenhum quiz correspondente encontrado
Distribuição das Pontuações
Porcentagem de Pessoas com Cada Pontuação
Percentil de Números Respondidos
Sua Pontuação Histórica
Você não jogou esse quiz